Reading, thinking, and writing with sources / (Record no. 49065)

MARC details
000 -LEADER
fixed length control field 00820cam a2200277 a 4500
001 - CONTROL NUMBER
control field 1559636
003 - CONTROL NUMBER IDENTIFIER
control field 0
005 - DATE AND TIME OF LATEST TRANSACTION
control field 20170301114248.0
008 - FIXED-LENGTH DATA ELEMENTS--GENERAL INFORMATION
fixed length control field 920430s1993 nyua b 001 0 eng
010 ## - LIBRARY OF CONGRESS CONTROL NUMBER
LC control number 92016974
020 ## - INTERNATIONAL STANDARD BOOK NUMBER
International Standard Book Number 0024115614
020 ## - INTERNATIONAL STANDARD BOOK NUMBER
International Standard Book Number 9780024115614
040 ## - CATALOGING SOURCE
Transcribing agency SPU
050 00 - LIBRARY OF CONGRESS CALL NUMBER
Classification number PE 1408
Item number .S56 1993
100 1# - MAIN ENTRY--PERSONAL NAME
Personal name Slattery, Patrick J.,
Dates associated with a name 1959-
245 10 - TITLE STATEMENT
Title Reading, thinking, and writing with sources /
Statement of responsibility, etc Patrick J. Slattery, Susan R. Carlton.
260 ## - PUBLICATION, DISTRIBUTION, ETC. (IMPRINT)
Place of publication, distribution, etc New York :
Name of publisher, distributor, etc Macmillan,
Date of publication, distribution, etc c1993.
300 ## - PHYSICAL DESCRIPTION
Extent xvi, 399 p. :
Other physical details ill. ;
Dimensions 24 cm.
504 ## - BIBLIOGRAPHY, ETC. NOTE
Bibliography, etc Includes bibliographical references and index.
650 #0 - SUBJECT ADDED ENTRY--TOPICAL TERM
Topical term or geographic name as entry element English language
General subdivision Rhetoric.
650 #0 - SUBJECT ADDED ENTRY--TOPICAL TERM
Topical term or geographic name as entry element Thought and thinking.
650 #0 - SUBJECT ADDED ENTRY--TOPICAL TERM
Topical term or geographic name as entry element College readers.
650 #0 - SUBJECT ADDED ENTRY--TOPICAL TERM
Topical term or geographic name as entry element Report writing.
700 1# - ADDED ENTRY--PERSONAL NAME
Personal name Carlton, Susan R.
942 ## - ADDED ENTRY ELEMENTS (KOHA)
Source of classification or shelving scheme Library of Congress Classification
Koha item type Book
Holdings
Withdrawn status Lost status Source of classification or shelving scheme Damaged status Not for loan Collection code Home library Current library Shelving location Date acquired Source of acquisition Cost, normal purchase price Total Checkouts Full call number Barcode Copy number Price effective from Koha item type
    Library of Congress Classification     Non-fiction Bishop Okullu Memorial Library (Limuru Campus) Bishop Okullu Memorial Library (Limuru Campus) General Circulation 01/03/2017 Donation-BFA 500.00   PE 1408 .S56 1993 051286 1 01/03/2017 Book